| 000 | 04752cam a22013694i 4500 | ||
|---|---|---|---|
| 003 | PE-LiUPU | ||
| 005 | 20250813185602.0 | ||
| 008 | 150706s2006 pe a rb 000 0 spa d | ||
| 020 | _a9789972290947 | ||
| 020 | _a9972290948 | ||
| 035 | _a(Sirsi) i9789972290947 | ||
| 040 |
_aPE-LiUPU _bspa _cPE-LiUPU _erda |
||
| 049 | _aPRUA | ||
| 082 | 0 | 4 |
_a338.1731 _bH87 2006 |
| 082 | 0 | 4 |
_a338.1731 _bH87 _221 |
| 100 | 1 |
_aHuerta Fernández, Alfonso Pablo, _eautor. |
|
| 245 | 1 | 0 |
_aEfecto de diferentes niveles de fertilización en el incremento de productividad de espárrago en el valle de Virú / _cAlfonso Pablo Huerta Fernández. |
| 264 | 1 |
_aLima : _bAsamblea Nacional de Rectores, _c2006 . |
|
| 300 |
_a118 páginas : _bilustraciones ; _c24 centímetros |
||
| 336 |
_atext _2rdacontent |
||
| 337 |
_aunmediated _2rdamedia |
||
| 338 |
_avolume _2rdacarrier |
||
| 504 | _aIncluye bibliografía. | ||
| 505 | 0 | _aIntroducción -- Materiales y métodos -- Resultados -- Discusión -- Propuesta -- Conclusiones . | |
| 526 | _aP202 | ||
| 526 | _aP201 | ||
| 526 | _aP163 | ||
| 526 | _aP162 | ||
| 526 | _aP161 | ||
| 526 | _aP160 | ||
| 526 | _aP148 | ||
| 526 | _aP147 | ||
| 526 | _aP146 | ||
| 526 | _aP145 | ||
| 526 | _aP144 | ||
| 526 | _aP143 | ||
| 526 | _aP142 | ||
| 526 | _aP141 | ||
| 526 | _aP140 | ||
| 526 | _aP139 | ||
| 526 | _aP138 | ||
| 526 | _aP137 | ||
| 526 | _aP136 | ||
| 526 | _aP135 | ||
| 526 | _aP134 | ||
| 526 | _aP133 | ||
| 526 | _aP129 | ||
| 526 | _aP128 | ||
| 526 | _aP127 | ||
| 526 | _aP120 | ||
| 526 | _aP119 | ||
| 526 | _aP118 | ||
| 526 | _aP116 | ||
| 526 | _aP115 | ||
| 526 | _aP114 | ||
| 526 | _aP110 | ||
| 526 | _aP109 | ||
| 526 | _aP108 | ||
| 526 | _aP104 | ||
| 526 | _aP103 | ||
| 526 | _aP102 | ||
| 526 | _aP99 | ||
| 526 | _aP98 | ||
| 526 | _aP97 | ||
| 526 | _aP96 | ||
| 526 | _aP95 | ||
| 526 | _aP93 | ||
| 526 | _aP90 | ||
| 526 | _aP89 | ||
| 526 | _aP88 | ||
| 526 | _aP83 | ||
| 526 | _aP82 | ||
| 526 | _aP62 | ||
| 526 | _aP59 | ||
| 526 | _aP58 | ||
| 526 | _aP57 | ||
| 526 | _aP51 | ||
| 526 | _aP49 | ||
| 526 | _aP48 | ||
| 526 | _aP47 | ||
| 526 | _aP29 | ||
| 526 | _aP24 | ||
| 526 | _aP20 | ||
| 526 | _aP19 | ||
| 526 | _aP17 | ||
| 526 | _aP15 | ||
| 526 | _aP14 | ||
| 526 | _aP12 | ||
| 526 | _aP10 | ||
| 526 | _aP09 | ||
| 526 | _aP08 | ||
| 526 | _aP07 | ||
| 526 | _aP06 | ||
| 526 | _aP05 | ||
| 526 | _aP04 | ||
| 526 | _aP01 | ||
| 650 | 0 | 4 |
_aAgroindustri _zValle de Viru (La Libertad, Perú). |
| 650 | 0 | 4 |
_aCultivo de espárragos _zValle de Viru (La Libertad, Perú) . |
| 910 |
_bjv _cng _d20110412 |
||
| 910 |
_btqv _cjhc _d20160926 |
||
| 942 |
_2ddc _cBOOK |
||
| 949 |
_a338.1731 H87 2006 _wDEWEY _c1 _iFJ02186 _lCCODEBUJ1 _mBUJ _p12.32 _r0 _sY _tBOOK _u2016-9-26 _xINGENIERIA _PP26 _0COMPRA _o.STAFF. Colección General Juliaca |
||
| 949 |
_a338.1731 H87 2006 _wDEWEY _c2 _iFJ02187 _lCCODEBUJ1 _mBUJ _p12.32 _r0 _sY _tBOOK _u2016-9-26 _xINGENIERIA _PP26 _0COMPRA _o.STAFF. Colección General Juliaca |
||
| 949 |
_a338.1731 H87 2006 _wDEWEY _c3 _iFJ02188 _lCCODEBUJ1 _mBUJ _p12.32 _r0 _sY _tBOOK _u2016-9-26 _xINGENIERIA _PP26 _0COMPRA _o.STAFF. Colección General Juliaca |
||
| 949 |
_a338.1731 H87 _wDEWEY _c1 _i62885 _lCCODEBUL1 _mBUL _p15.00 _r0 _sY _tBOOK _u2015-7-6 _xEDUCACION _zUNKNOWN _0COMPRA _o.STAFF. Colección General |
||
| 949 |
_a338.1731 H87 _wDEWEY _c2 _i62791 _lCCODEBUL1 _mBUL _p15.00 _r0 _sY _tBOOK _u2015-7-6 _xEDUCACION _zUNKNOWN _0COMPRA _o.STAFF. Colección General |
||
| 994 |
_aC0 _bPEPRU |
||
| 596 | _a1 3 | ||
| 999 |
_a338.1731 H87 _wDEWEY _c51835 _i62885 _f2021-11-5 _g5 _lCCODEBUL1 _mBUL _p15.00 _r0 _sY _tBOOK _u2015-7-6 _xBIBLIOTECA _zUNKNOWN _0COMPRA _o.STAFF. Colección General _d51835 |
||
| 999 |
_a338.1731 H87 _wDEWEY _c2 _i62791 _d2018-10-30 _e2018-10-21 _f2019-12-11 _g4 _lDISCARD _mBUL _n7 _p15.00 _r1 _sY _tBOOK _u2015-7-6 _xEDUCACION _zUNKNOWN _0COMPRA _o.STAFF. Colección General |
||
| 999 |
_a338.1731 H87 2006 _wDEWEY _c1 _iFJ02186 _f2022-1-18 _g4 _lCCODEBUJ1 _mBUJ _p12.32 _r0 _sY _tBOOK _u2016-9-26 _xINGENIERIA _PP26 _0COMPRA _o.STAFF. Colección General Juliaca |
||
| 999 |
_a338.1731 H87 2006 _wDEWEY _c2 _iFJ02187 _f2022-1-18 _g4 _lCCODEBUJ1 _mBUJ _p12.32 _r0 _sY _tBOOK _u2016-9-26 _xINGENIERIA _PP26 _0COMPRA _o.STAFF. Colección General Juliaca |
||
| 999 |
_a338.1731 H87 2006 _wDEWEY _c3 _iFJ02188 _d2019-10-29 _f2022-1-18 _g4 _lCCODEBUJ1 _mBUJ _p12.32 _q1 _r0 _sY _tBOOK _u2016-9-26 _xINGENIERIA _PP26 _0COMPRA _o.STAFF. Colección General Juliaca |
||
| 980 |
_81 _gALBERTO SANCHEZ Responsable de Automatización |
||